Starts with 'P', ends in 'Y' (Vol. 1) Quiz Stats

Quiz not verified by Sporcle

Challenge
Share
Tweet
Embed
Score 0/25 Timer 06:00
0 Plays Today
Description Answer % Correct
To take care of a billPay
94.9%
A small horsePony
94.9%
Seek divine guidancePray
83.6%
Coin worth one-hundredth of the value of the basic unitPenny
83%
Short underpants for women, usually used in the pluralPanty
77.8%
The finger farthest from the thumbPinky
75.2%
Of inferior sizePuny
72.3%
Type of plant that has bright red or orange flowers and that is the source of opiumPoppy
67.5%
Singer Elvis who passed away in 1977Presley
64.3%
Retail shop where medicine and other articles are soldPharmacy
62.7%
Like the woman in a Roy Orbison classicPretty
54%
Having more than one spouse at a timePolygamy
52.7%
South American country landlocked by Argentina, Bolivia and BrazilParaguay
51.8%
Description Answer % Correct
Wheel or set of wheels that is used with a rope, chain, etc., to lift or lower heavy objectsPulley
49.5%
An unusually gifted or intelligent young personProdigy
47.9%
Branch of medicine dealing with the diagnosis and treatment of mental disordersPsychiatry
47.6%
Fraudulent; having a misleading appearancePhony
46.9%
Any member of various peoples having an average height of less than five feetPygmy
46.3%
Literature in metrical formPoetry
44.7%
Dough-like mixture of whiting and boiled linseed oil, used especially to secure panes of glassPutty
43.4%
To show someone or something in a painting, book, etc.Portray
37.9%
The government of the Roman Catholic ChurchPapacy
34.7%
Territory ruled by a princePrincipality
34.4%
Time during the development of human culture before the appearance of the written wordPrehistory
31.8%
A special quality or characteristic of something; someone's possessionProperty
27.3%

You're not logged in!

Compare scores with friends on all Sporcle quizzes.
Join for Free
OR
Log In

You Might Also Like...

Show Comments

Extras

Top Quizzes Today


Score Distribution

Your Account Isn't Verified!

In order to create a playlist on Sporcle, you need to verify the email address you used during registration. Go to your Sporcle Settings to finish the process.

Report this User

Report this user for behavior that violates our Community Guidelines.

Details: